Δημόσιες επιχειρήσεις και ανάπτυξη : τα υλικά του συμποσίου που οργάνωσαν ...(ΚΜΕ)
Αποθηκεύτηκε σε:
| Μορφή: | Βιβλίο |
|---|---|
| Γλώσσα: | English |
| Δημοσίευση: |
Αθήνα :
Σύγχρονη Εποχή,
1987
|
| Θέματα: | |
| Ετικέτες: |
Προσθήκη ετικέτας
Δεν υπάρχουν, Καταχωρήστε ετικέτα πρώτοι!
|
MARC
| LEADER | 00000nam a2200000 i 4500 | ||
|---|---|---|---|
| 001 | 1/67882 | ||
| 008 | 981022s1987 eng d | ||
| 035 | |l 10030092 | ||
| 040 | |a GR-MY-UA |b gre |e aacr | ||
| 041 | 0 | |a eng | |
| 082 | 0 | |a 338.62 | |
| 245 | 1 | 0 | |a Δημόσιες επιχειρήσεις και ανάπτυξη : |b τα υλικά του συμποσίου που οργάνωσαν ...(ΚΜΕ) / |c Οικονομικό Τμήμα της ΚΕ του ΚΚΕ, Αχτίδα Κοινής Ωφέλειας και Τραπεζών της ΚΟΑ του ΚΚΕ, Κέντρο μαρξιστικών Ερευνών |
| 260 | |a Αθήνα : |b Σύγχρονη Εποχή, |c 1987 | ||
| 300 | |a 248 σ. | ||
| 650 | 0 | 0 | |a Government business enterprises. |
| 650 | 0 | 0 | |a Government business enterprises |z Greece. |
| 852 | |a INST |b CHIOS |e 19981022 |h 338.62 ΔΗΜ |p 005200015462 |q 005200015462 |t BK |y 0 | ||
| 901 | |a BIBL-1998-3 | ||
| 909 | |a Χ |b 015905 | ||
| 922 | |a 2ΕΛΗ |b 199001 |d LEADER BOOKS | ||